000 00890nam a22002297a 4500
005 20240530110508.0
008 151025s2010 ua ado g b 000 0 ara d
017 _a2010/43833
_bمصر . دار الكتب المصرية
040 _aEG-CaGPL
082 0 4 _221
_a935.03\
_bع آ
100 0 _aعبدالكريم العلوجى
245 1 0 _aاشور بانيبال :
_bالفنان المحارب /
_cاعداد عبدالكريم العلوجى
260 _aالقاهرة :
_bمكتبة جزيرة الورد ،
_c2010 .
300 _a219 ص :
_bايض ؛
_c24 سم .
504 _aيشتمل على ارجاعات ببليوجرافية
650 0 4 _aالاشوريون
650 0 4 _aالبابليون
650 0 4 _aحضارة العراق القديمة
651 0 4 _aالعراق القديم
_xتاريخ
942 _2ddc
_cBK
999 _c61619
_d61619